| 000 | 00535nam a2200217Ia 4500 | ||
|---|---|---|---|
| 003 | 0100 | ||
| 005 | 20160817110548.0 | ||
| 008 | 130303s9999 xx 000 0 und d | ||
| 020 | _a0853642524 | ||
| 040 | _cARRUPELIB | ||
| 050 | _aBS2595.3.M368 | ||
| 100 |
_aMarshall, Ian Howard _925182 |
||
| 245 | _aLuke | ||
| 245 | _bhistorian and theologian | ||
| 260 | _aGranville | ||
| 260 | _bThe Paternoster Press | ||
| 300 | _a238p. | ||
| 300 | _b 22cm | ||
| 650 |
_bBible N.T. _xCommetaries _925183 |
||
| 942 |
_2lcc _01 _cMONOGRAPH |
||
| 999 |
_c62873 _d62873 |
||